|
|
|
|
| LEADER |
00753cam a2200229 7i4500 |
| 001 |
0000036982 |
| 005 |
20221017090000.0 |
| 008 |
221012t2022 eng |
| 020 |
# |
# |
|a 9781009098106
|
| 040 |
# |
# |
|a MATR
|
| 090 |
0 |
# |
|a B 382.92
|b BAC
|
| 100 |
1 |
# |
|a Bacchus, James
|e author
|
| 245 |
1 |
0 |
|a Trade Links :
|b New Rules for a New World
|c James Bacchus.
|
| 260 |
# |
# |
|a Cambridge:
|b Cambridge University Press,
|c 2022.
|
| 300 |
# |
# |
|a viii, 396 pages:
|b illustrations;
|c 23 cm.
|
| 336 |
# |
# |
|a text
|2 rdacontent
|
| 337 |
# |
# |
|a unmediated
|2 rdamedia
|
| 338 |
# |
# |
|a volume
|2 rdacarrier
|
| 610 |
2 |
0 |
|a World Trade Organization
|
| 650 |
# |
0 |
|a Foreign trade regulation
|
| 650 |
# |
0 |
|a Sustainable development
|
| 999 |
|
|
|a B000041952
|b Book
|c Book
|e Business Information Centre
|